Hodnotenie kvality produktov a jeho využitie v marketingovej komunikácii diplomová práca

Salvato in:
Dettagli Bibliografici
Autore principale: Búzek, Branislav
Ente Autore: Obchodná fakulta EU. Katedra tovaroznalectva a kvality tovaru
Altri autori: Knošková, Ľubica, 1965-
Natura: Libro
Lingua:slovacco
Pubblicazione: Bratislava 2021
Tags: Aggiungi Tag
Nessun Tag, puoi essere il primo ad aggiungerne!!

MARC

LEADER 00000nbm a2200000 4500
001 0278225
005 20220131132216.1
041 0 |a slo 
044 |a SK 
245 1 0 |a Hodnotenie kvality produktov a jeho využitie v marketingovej komunikácii  |b diplomová práca  |c Branislav Búzek ; školiteľ: Ľubica Knošková 
264 1 |a Bratislava  |c 2021 
300 |a 89 s. 
100 1 |a Búzek, Branislav 
700 1 |a Knošková, Ľubica, 1965- 
710 2 |a Obchodná fakulta EU. Katedra tovaroznalectva a kvality tovaru